[Event "4NCL-9899B COU-BIG2"]
[Site "Rd4-Birmingham"]
[Date "1998.11.22"]
[Round "4.6"]
[White "Thomas, Nick"]
[Black "Ledger, David"]
[Result "0-1"]
[WhiteElo "2225"]
[BlackElo "2220"]
[PlyCount "104"]
[EventDate "1998.11.22"]

1. e4 e5 2. Nf3 Nc6 3. Bc4 Bc5 4. O-O Nf6 5. d4 Bxd4 6. Nxd4 Nxd4 7. f4 d6 8.
c3 Ne6 9. f5 Nc5 10. Nd2 Bd7 11. b4 Na4 12. Qf3 Bc6 13. Re1 b5 14. Bb3 Nb6 15.
Nf1 a5 16. Bg5 a4 17. Bc2 h6 18. Bh4 Nbd7 19. Ne3 Qb8 20. Ng4 Qb7 21. Nxf6+
Nxf6 22. Qg3 Kf8 23. Bxf6 gxf6 24. Qe3 Qa7 25. Qxa7 Rxa7 26. Bd3 Rb7 27. Rac1
Ke7 28. a3 d5 29. exd5 Bxd5 30. Bxb5 Bxg2 31. Bxa4 Rg8 32. Kf2 Ra7 33. Bc2 Bc6
34. a4 Rg2+ 35. Ke3 Bxa4 36. Be4 Ra2 37. Bd5 Ra3 38. Rg1 Bb3 39. Bxb3 Rxb3 40.
Rg4 Ra2 41. Rh4 Rbb2 42. Rxh6 Rxh2 43. Rxh2 Rxh2 44. Rf1 Rh3+ 45. Kd2 Kd6 46.
Kc2 Kd5 47. Kb3 e4 48. Rd1+ Rd3 49. Ra1 e3 50. Ra8 Ke4 51. Re8+ Kf3 52. Kc4 Rd6
0-1

[Event "4NCL-9899B COU-BIG2"]
[Site "Rd4-Birmingham"]
[Date "1998.11.22"]
[Round "4.7"]
[White "Ledger, Stephen"]
[Black "Taylor, Peter P"]
[Result "1-0"]
[WhiteElo "2175"]
[BlackElo "2150"]
[PlyCount "69"]
[EventDate "1998.11.22"]

1. d4 d5 2. Nf3 Nf6 3. Bf4 c5 4. c3 cxd4 5. cxd4 Nc6 6. Qb3 Qb6 7. Qxb6 axb6 8.
Nc3 Nb4 9. Rc1 Bd7 10. a3 Na6 11. e3 e6 12. Ne5 Be7 13. Nxd7 Nxd7 14. Bb5 Nab8
15. Nxd5 exd5 16. Rc8+ Bd8 17. Bxb8 Ra5 18. Bc7 Ke7 19. a4 Rf8 20. Ke2 Ra7 21.
Rc1 Bxc7 22. R8xc7 Rd8 23. Bc6 bxc6 24. Rxa7 Kd6 25. b4 Rb8 26. b5 c5 27. Rxd7+
Kxd7 28. dxc5 bxc5 29. Rxc5 Kd6 30. Rc6+ Ke5 31. Kd3 Ra8 32. Ra6 Rc8 33. f4+
Kf5 34. b6 Rc1 35. Ra5 1-0

[Event "4NCL-9899B COU-BIG2"]
[Site "Rd4-Birmingham"]
[Date "1998.11.22"]
[Round "4.8"]
[White "Cast, Abigail"]
[Black "Vann, Monica"]
[Result "1/2-1/2"]
[WhiteElo "2110"]
[BlackElo "1576"]
[PlyCount "24"]
[EventDate "1998.11.22"]

1. d4 Nf6 2. Nf3 g6 3. Bg5 Bg7 4. Nbd2 d5 5. e3 O-O 6. Bd3 Bg4 7. h3 Bxf3 8.
Qxf3 Nbd7 9. c4 c5 10. O-O cxd4 11. exd4 dxc4 12. Nxc4 Nb6 1/2-1/2

[Event "4NCL-9899B GUI-SL2"]
[Site "Rd4-Birmingham"]
[Date "1998.11.22"]
[Round "4.1"]
[White "Povah, Nigel"]
[Black "Richmond, Robert"]
[Result "1/2-1/2"]
[WhiteElo "2325"]
[BlackElo "2112"]
[PlyCount "69"]
[EventDate "1998.11.22"]

1. d4 c5 2. d5 e5 3. c4 d6 4. e4 Nf6 5. Nc3 Be7 6. h3 Nbd7 7. Be3 a6 8. Bd3 Rb8
9. a4 O-O 10. g4 Ne8 11. Qd2 Nc7 12. Nge2 b6 13. Ng3 Re8 14. Nf5 Nf8 15. h4 Bd7
16. h5 Bxf5 17. exf5 h6 18. g5 Bxg5 19. Bxg5 Qxg5 20. Qxg5 hxg5 21. Ne4 Red8
22. Nxg5 Nh7 23. Ne4 Nf6 24. O-O-O Nxe4 25. Bxe4 f6 26. h6 gxh6 27. Rxh6 Kg7
28. Rg6+ Kf7 29. Rh1 Rh8 30. Rgh6 Rxh6 31. Rxh6 Kg7 32. Rg6+ Kf7 33. Rh6 Kg7
34. Rg6+ Kf7 35. Rh6 1/2-1/2

[Event "4NCL-9899B GUI-SL2"]
[Site "Rd4-Birmingham"]
[Date "1998.11.22"]
[Round "4.2"]
[White "De Coverly, Roger"]
[Black "Thompson, Ian"]
[Result "0-1"]
[WhiteElo "2110"]
[BlackElo "2285"]
[PlyCount "70"]
[EventDate "1998.11.22"]

1. e4 e6 2. d4 d5 3. Nd2 Nf6 4. e5 Nfd7 5. Ngf3 c5 6. c4 Nc6 7. cxd5 exd5 8.
Bd3 g6 9. O-O Bg7 10. Re1 O-O 11. Nf1 cxd4 12. Bf4 Nc5 13. Rc1 Qb6 14. Ng3 Bg4
15. a3 Rfe8 16. b4 Bxf3 17. bxc5 Bxd1 18. cxb6 Ba4 19. bxa7 Rxa7 20. Rc5 Ra5
21. Rec1 Rxc5 22. Rxc5 Bxe5 23. Bh6 Bb3 24. Nf1 Bd6 25. Rb5 Bc4 26. Bxc4 dxc4
27. Rxb7 Bxa3 28. Rc7 Ne5 29. Nd2 Bc1 30. Ne4 Bxh6 31. Nf6+ Kf8 32. Nxe8 Kxe8
33. Kf1 c3 34. Ke1 Nd3+ 35. Ke2 Nb2 0-1

[Event "4NCL-9899B GUI-SL2"]
[Site "Rd4-Birmingham"]
[Date "1998.11.22"]
[Round "4.3"]
[White "Granat, Russell"]
[Black "Crichton, Martin"]
[Result "1-0"]
[WhiteElo "2224"]
[BlackElo "2030"]
[PlyCount "81"]
[EventDate "1998.11.22"]

1. e4 c6 2. d4 d5 3. exd5 cxd5 4. c4 Nf6 5. Nc3 Nc6 6. Nf3 Bg4 7. cxd5 Nxd5 8.
Bc4 e6 9. O-O Nb6 10. Bb5 a6 11. Bxc6+ bxc6 12. Re1 Be7 13. h3 Bxf3 14. Qxf3
Nd5 15. Nxd5 Qxd5 16. Qc3 Bd6 17. Be3 O-O 18. Rec1 Rfc8 19. Qc4 Qb5 20. Rc2
Rab8 21. Qxb5 cxb5 22. Rac1 Rxc2 23. Rxc2 Ra8 24. Rc6 Be7 25. Kf1 Kf8 26. Ke2
Ke8 27. Bf4 Bf6 28. Be5 Bxe5 29. dxe5 Kd7 30. Rd6+ Kc7 31. Ke3 a5 32. Kd4 f6
33. Rxe6 Rd8+ 34. Kc3 fxe5 35. Rxe5 b4+ 36. Kc2 Kb6 37. a3 bxa3 38. bxa3 Rc8+
39. Kb3 Rc1 40. Re7 Rb1+ 41. Ka4 1-0

[Event "4NCL-9899B GUI-SL2"]
[Site "Rd4-Birmingham"]
[Date "1998.11.22"]
[Round "4.4"]
[White "Armstrong, Malcolm"]
[Black "Anderton, Matthew"]
[Result "0-1"]
[WhiteElo "1976"]
[BlackElo "2260"]
[PlyCount "164"]
[EventDate "1998.11.22"]

1. Nf3 Nf6 2. b3 g6 3. Bb2 Bg7 4. c4 d6 5. d4 O-O 6. e3 Nbd7 7. Be2 Re8 8. O-O
e5 9. dxe5 Ng4 10. Nbd2 Ngxe5 11. Qc2 Nc5 12. Nd4 Bg4 13. Bxg4 Nxg4 14. b4 Nd7
15. N2f3 Qe7 16. h3 Nge5 17. Rac1 a5 18. a3 axb4 19. axb4 Ra2 20. Nxe5 Nxe5 21.
Ra1 Rxb2 22. Qxb2 c5 23. bxc5 dxc5 24. Ra7 cxd4 25. exd4 Nxc4 26. Qxb7 Qxb7 27.
Rxb7 Rd8 28. Rc1 Rxd4 29. Rb8+ Bf8 30. Rc8 Nd6 31. Ra8 Kg7 32. g3 Rd2 33. Ra4
Nf5 34. Ra7 Bd6 35. Rd7 Nxg3 36. fxg3 Bc5+ 37. Rxc5 Rxd7 38. Kf2 Rd3 39. Rc6
Ra3 40. Rb6 h5 41. h4 Rd3 42. Ra6 Kf8 43. Ra7 Ke8 44. Rb7 Rd7 45. Rb6 Ke7 46.
Kg2 Rd6 47. Rb7+ Ke6 48. Kf3 f6 49. Kf4 Rd4+ 50. Ke3 Rc4 51. Rb5 Kd6 52. Ra5
Rc5 53. Ra4 Rc3+ 54. Kf4 Kd5 55. Ra5+ Rc5 56. Ra6 Rc6 57. Ra5+ Kd4 58. g4 hxg4
59. Kxg4 Rc5 60. Ra4+ Rc4 61. Ra5 Ke3+ 62. Kg3 f5 63. h5 f4+ 64. Kh3 gxh5 65.
Rxh5 Kf2 66. Rh8 f3 67. Ra8 Re4 68. Ra2+ Re2 69. Ra3 Re3 70. Ra2+ Kf1 71. Ra1+
Re1 72. Ra2 f2 73. Kg3 Re3+ 74. Kh2 Rf3 75. Ra1+ Ke2 76. Ra2+ Ke3 77. Ra3+ Ke4
78. Ra4+ Kd5 79. Ra5+ Kc4 80. Ra4+ Kb5 81. Ra1 f1=Q 82. Ra5+ Kb6 0-1

[Event "4NCL-9899B GUI-SL2"]
[Site "Rd4-Birmingham"]
[Date "1998.11.22"]
[Round "4.5"]
[White "James, Russell"]
[Black "Wooldridge, Leon"]
[Result "1-0"]
[WhiteElo "2155"]
[BlackElo "1928"]
[PlyCount "61"]
[EventDate "1998.11.22"]

1. e4 e5 2. Nf3 Nc6 3. Nc3 Nf6 4. g3 d5 5. exd5 Nxd5 6. d3 Bg4 7. Be2 Nxc3 8.
bxc3 Qd5 9. O-O O-O-O 10. Re1 Bc5 11. Nxe5 Bxe2 12. Qxe2 Rhe8 13. Bf4 g5 14.
Qg4+ Re6 15. Nxf7 gxf4 16. Qxe6+ Qxe6 17. Rxe6 Rf8 18. d4 Kd7 19. Rae1 Bb6 20.
Ng5 fxg3 21. hxg3 Rf5 22. Nxh7 Nxd4 23. Nf6+ Rxf6 24. Rxf6 Nc6 25. Kg2 a5 26.
Rh1 Ne7 27. Rd1+ Ke8 28. g4 c6 29. g5 a4 30. g6 Bc7 31. g7 1-0

[Event "4NCL-9899B GUI-SL2"]
[Site "Rd4-Birmingham"]
[Date "1998.11.22"]
[Round "4.6"]
[White "Ghasi, Ameet"]
[Black "Norman, Ken"]
[Result "0-1"]
[WhiteElo "1848"]
[BlackElo "2112"]
[PlyCount "96"]
[EventDate "1998.11.22"]

1. Nf3 Nf6 2. d4 g6 3. Nc3 d5 4. Bf4 Bg7 5. e3 Bg4 6. Be2 Bxf3 7. Bxf3 c6 8. g4
O-O 9. h4 Nbd7 10. h5 e5 11. dxe5 Ne8 12. h6 Bh8 13. Be2 Nxe5 14. Qd2 Nd6 15.
Bxe5 Bxe5 16. Bd3 Qe7 17. O-O-O b5 18. f4 Bh8 19. f5 Nc4 20. Bxc4 bxc4 21. Ne2
Rfe8 22. Rh3 Rab8 23. c3 Rb6 24. fxg6 fxg6 25. Nf4 Bf6 26. Rf1 Reb8 27. Ne2 Be5
28. Rhf3 Qa3 29. Rf8+ Qxf8 30. Rxf8+ Rxf8 31. Nf4 Rb5 32. a4 Rb7 33. Qe2 Rbf7
34. Kb1 g5 35. Nh3 Rf1+ 36. Ka2 Rh1 37. Nf4 gxf4 38. exf4 Bxf4 39. Qe6+ Kh8 40.
Qxc6 Rd1 41. a5 Rd2 42. g5 Bxg5 43. Qa6 Rb8 44. Qxa7 Rdxb2+ 45. Ka1 Bxh6 46. a6
Rb1+ 47. Ka2 R8b2+ 48. Ka3 Bf8+ 0-1

[Event "4NCL-9899B GUI-SL2"]
[Site "Rd4-Birmingham"]
[Date "1998.11.22"]
[Round "4.7"]
[White "Singleton, Michael"]
[Black "Johnson, Nigel"]
[Result "1/2-1/2"]
[WhiteElo "2088"]
[BlackElo "1632"]
[PlyCount "89"]
[EventDate "1998.11.22"]

1. d4 d5 2. c4 e6 3. Nc3 Nf6 4. Bg5 Be7 5. e3 O-O 6. Nf3 Nbd7 7. Rc1 c6 8. Bd3
dxc4 9. Bxc4 h6 10. Bh4 Nd5 11. Bxe7 Qxe7 12. O-O N7b6 13. Bd3 Bd7 14. Bb1 Nxc3
15. bxc3 c5 16. Ne5 cxd4 17. exd4 Bc6 18. Re1 Qg5 19. Nxc6 bxc6 20. Re3 Nd5 21.
Rg3 Qf6 22. Qc2 g6 23. Re1 Rab8 24. h4 Qf5 25. Qd1 Qf6 26. h5 g5 27. Qc2 Qf5
28. Qxf5 exf5 29. Bxf5 Rb2 30. a3 Rfb8 31. c4 Nf4 32. Rge3 Nxh5 33. Bd7 R8b6
34. c5 Ra6 35. d5 cxd5 36. Rc1 Rf6 37. Rf3 Rxf3 38. gxf3 Nf4 39. Kf1 Ne6 40.
Bxe6 fxe6 41. c6 Rb8 42. c7 Rc8 43. Ke2 Kf7 44. Ke3 Ke7 45. Rh1 1/2-1/2

[Event "4NCL-9899B GUI-SL2"]
[Site "Rd4-Birmingham"]
[Date "1998.11.22"]
[Round "4.8"]
[White "Goodwin, Lydia"]
[Black "Ashby, Ann-Marie"]
[Result "1/2-1/2"]
[WhiteElo "1616"]
[BlackElo "2090"]
[PlyCount "55"]
[EventDate "1998.11.22"]

1. e4 e6 2. d4 d5 3. Nc3 Nf6 4. e5 Nfd7 5. Qh5 c5 6. Nf3 Be7 7. Bg5 a6 8. Bd3
Nc6 9. h4 cxd4 10. Ne2 Ndxe5 11. Nxe5 Nxe5 12. Bxh7 Qa5+ 13. Bd2 Qc7 14. Bf4
Bd6 15. Nxd4 Ng6 16. Bxd6 Qxd6 17. g3 Qb4+ 18. c3 Qxb2 19. O-O Nf8 20. Rfe1
Rxh7 21. Qe5 Nd7 22. Qc7 Qb6 23. Qf4 Nf6 24. Nf5 Ne4 25. Rxe4 dxe4 26. Nd6+ Kd7
27. Rd1 Kc6 28. Nxc8 1/2-1/2

[Event "4NCL-9899B KH-WG2"]
[Site "Rd4-Birmingham"]
[Date "1998.11.22"]
[Round "4.1"]
[White "Thomas, Richard H"]
[Black "Lee, Graham"]
[Result "1-0"]
[WhiteElo "2295"]
[BlackElo "2330"]
[PlyCount "97"]
[EventDate "1998.11.22"]

1. c4 Nf6 2. Nc3 c5 3. Nf3 e6 4. g3 b6 5. Bg2 Bb7 6. O-O a6 7. b3 Be7 8. Bb2
O-O 9. d4 cxd4 10. Qxd4 d6 11. e4 Qc7 12. Rfe1 Nbd7 13. Qe3 Rfd8 14. h3 Rac8
15. Nd4 Qb8 16. g4 Bf8 17. g5 Ne8 18. h4 Nc7 19. h5 Ba8 20. a4 Nc5 21. b4 Nd7
22. Bh3 Ne5 23. Qe2 Ne8 24. Nxe6 fxe6 25. Bxe6+ Kh8 26. f4 Nxc4 27. Bxc4 d5 28.
Nxd5 Bxd5 29. Bxd5 Qxf4 30. Rf1 Qxg5+ 31. Qg2 Qxg2+ 32. Kxg2 Rc2+ 33. Kh3 Nc7
34. Be5 Nxd5 35. exd5 Kg8 36. Rad1 Bxb4 37. d6 Rc5 38. Bg3 Rxh5+ 39. Kg4 Rc5
40. d7 Rc4+ 41. Rf4 Rxf4+ 42. Bxf4 Be7 43. Bc7 Kf7 44. Bxd8 Bxd8 45. Re1 Be7
46. Kf5 h5 47. Ke5 g5 48. Rf1+ Kg6 49. Ke6 1-0

[Event "4NCL-9899B KH-WG2"]
[Site "Rd4-Birmingham"]
[Date "1998.11.22"]
[Round "4.2"]
[White "Law, Andrew"]
[Black "McMichael, Rick"]
[Result "1/2-1/2"]
[WhiteElo "2325"]
[BlackElo "2255"]
[PlyCount "23"]
[EventDate "1998.11.22"]

1. e4 e6 2. d4 d5 3. Nd2 dxe4 4. Nxe4 Bd7 5. Nf3 Bc6 6. Bd3 Nd7 7. O-O Ngf6 8.
Ng3 Be7 9. c4 Bxf3 10. Qxf3 c6 11. Bd2 Qb6 12. Bc3 1/2-1/2

[Event "4NCL-9899B KH-WG2"]
[Site "Rd4-Birmingham"]
[Date "1998.11.22"]
[Round "4.4"]
[White "Savage, Ben"]
[Black "Ward, Julian"]
[Result "1/2-1/2"]
[WhiteElo "2140"]
[BlackElo "2056"]
[PlyCount "54"]
[EventDate "1998.11.22"]

1. Nf3 Nf6 2. g3 e6 3. c4 Be7 4. Bg2 O-O 5. O-O d5 6. cxd5 exd5 7. d4 b6 8. Nc3
Bb7 9. Qb3 Na6 10. Bf4 Qc8 11. Ne5 Qe6 12. Nd3 c5 13. dxc5 Nxc5 14. Nxc5 Bxc5
15. Rad1 Rad8 16. Bg5 Be7 17. e3 h6 18. Bxf6 Bxf6 19. Nxd5 Bxb2 20. e4 Be5 21.
Rd2 Bxd5 22. exd5 Qf6 23. Rc2 Bd4 24. Qa4 a5 25. Re2 Rd6 26. Re4 Bc5 27. Re2 g6
1/2-1/2

[Event "4NCL-9899B KH-WG2"]
[Site "Rd4-Birmingham"]
[Date "1998.11.22"]
[Round "4.5"]
[White "Mackenzie, Colin"]
[Black "Wastney, Scott"]
[Result "1/2-1/2"]
[WhiteElo "2125"]
[BlackElo "2155"]
[PlyCount "85"]
[EventDate "1998.11.22"]

1. Nf3 f5 2. c4 Nf6 3. Nc3 g6 4. g3 Bg7 5. Bg2 O-O 6. d3 d6 7. O-O Nc6 8. Rb1
Nh5 9. Nd5 e6 10. Bg5 Qd7 11. Nf4 Nxf4 12. Bxf4 h6 13. b4 g5 14. Bc1 Qf7 15.
Bb2 e5 16. b5 Ne7 17. c5 Be6 18. cxd6 cxd6 19. a4 Rac8 20. Qd2 Ng6 21. Qb4 d5
22. Rbc1 g4 23. Nd2 f4 24. Ba3 Rfd8 25. a5 Bf8 26. Qb2 h5 27. b6 a6 28. Bxf8
Rxf8 29. Rxc8 {(Draw offer)} Rxc8 30. Rc1 Qd7 31. Nb3 Rc6 32. Rc5 Qd6 33. Qc1
Ne7 34. Rxc6 Qxc6 35. Qxc6 Nxc6 36. Nc5 Kf7 37. Nxb7 Ke7 38. Nc5 Kd6 39. Nb7+
Kd7 40. Nc5+ Kd6 41. Nxa6 Nxa5 42. Nc7 Bf7 43. f3 1/2-1/2

[Event "4NCL-9899B KH-WG2"]
[Site "Rd4-Birmingham"]
[Date "1998.11.22"]
[Round "4.6"]
[White "Briscoe, Chris"]
[Black "Shah, Arpi"]
[Result "1/2-1/2"]
[WhiteElo "2210"]
[BlackElo "2030"]
[PlyCount "95"]
[EventDate "1998.11.22"]

1. e4 c6 2. d4 d5 3. e5 Bf5 4. Nc3 Qd7 5. Be3 h6 6. f4 Bg4 7. Qd2 e6 8. h3 Bf5
9. g4 Bh7 10. Nge2 Bb4 11. a3 Ba5 12. Ng3 Ne7 13. Nh5 Rg8 14. f5 exf5 15. Bxh6
Kd8 16. b4 Bb6 17. Bxg7 Qe6 18. Nf4 Qc8 19. Bf6 Nd7 20. g5 Nf8 21. Be2 Ne6 22.
Nfxd5 cxd5 23. Nxd5 Re8 24. Nxe7 Rxe7 25. d5 Ke8 26. Bb5+ Kf8 27. g6 fxg6 28.
Qh6+ Kg8 29. O-O-O Qc3 30. Rd3 Qa1+ 31. Kd2 Qxh1 32. Bxe7 Qg2+ 33. Kc1 Qg1+ 34.
Kb2 Bd4+ 35. c3 Qg2+ 36. Rd2 Qxd5 37. Ba4 Bxc3+ 38. Kxc3 Rc8+ 39. Bc5 Qxe5+ 40.
Kb3 Nxc5+ 41. bxc5 Qxc5 42. Ka2 Qf8 43. Qf4 Qe7 44. Rd7 Qe2+ 45. Ka1 Qe1+ 46.
Ka2 Qe2+ 47. Ka1 Qe1+ 48. Ka2 1/2-1/2

[Event "4NCL-9899B KH-WG2"]
[Site "Rd4-Birmingham"]
[Date "1998.11.22"]
[Round "4.7"]
[White "Gilfillan, Andrew"]
[Black "Maduekwe, Chiedu"]
[Result "1-0"]
[WhiteElo "2032"]
[BlackElo "2150"]
[PlyCount "81"]
[EventDate "1998.11.22"]

1. e4 e6 2. d4 d5 3. e5 c5 4. c3 Nc6 5. Nf3 Bd7 6. dxc5 Bxc5 7. b4 Bb6 8. Bd3
Nge7 9. Qe2 Rc8 10. O-O Ng6 11. Bg5 Qc7 12. Re1 Qb8 13. Na3 Ncxe5 14. Bxg6
Nxf3+ 15. Qxf3 hxg6 16. h4 O-O 17. Rad1 a5 18. h5 axb4 19. cxb4 gxh5 20. Qxh5
Qa7 21. Be3 Rc3 22. Bxb6 Qxb6 23. Nb1 Rc2 24. Re3 f6 25. Qg6 Rb2 26. a3 Ba4 27.
Rc1 e5 28. Rg3 Qxf2+ 29. Kh2 Qxg3+ 30. Qxg3 Bc6 31. Qd3 d4 32. Nd2 Rd8 33. Rc2
Rxc2 34. Qxc2 d3 35. Qc5 e4 36. b5 Rd5 37. Qc4 e3 38. bxc6 bxc6 39. Qxc6 Rh5+
40. Kg1 exd2 41. Qe8+ 1-0

[Event "4NCL-9899B KH-WG2"]
[Site "Rd4-Birmingham"]
[Date "1998.11.22"]
[Round "4.8"]
[White "Lazhevskaya, Zhanna"]
[Black "Compton, Alistair"]
[Result "1-0"]
[WhiteElo "2040"]
[BlackElo "2015"]
[PlyCount "63"]
[EventDate "1998.11.22"]

1. e4 e6 2. d4 d5 3. Nc3 Nf6 4. Bg5 Bb4 5. e5 h6 6. exf6 hxg5 7. fxg7 Rg8 8.
Qd3 Qf6 9. O-O-O a6 10. g3 Rxg7 11. h4 gxh4 12. gxh4 Nc6 13. h5 Bd7 14. h6 Rg6
15. Qe3 O-O-O 16. Bd3 Rgg8 17. h7 Rh8 18. Nf3 Qe7 19. Ne2 Bd6 20. c3 e5 21.
dxe5 Bxe5 22. Rdg1 Qf6 23. Rh6 Qe7 24. Rxc6 Bxc6 25. Qxe5 Qc5 26. Qf5+ Kb8 27.
Ned4 Bb5 28. Nxb5 axb5 29. Ne5 b4 30. Nd7+ Rxd7 31. Qxd7 c6 32. Ba6 1-0

[Event "4NCL-9899B NID-IK2"]
[Site "Rd4-Birmingham"]
[Date "1998.11.22"]
[Round "4.1"]
[White "Williams, Leighton"]
[Black "Reuben, Stewart"]
[Result "1-0"]
[WhiteElo "2270"]
[BlackElo "2240"]
[PlyCount "70"]
[EventDate "1998.11.22"]

1. d4 Nf6 2. c4 e6 3. Nc3 Bb4 4. g3 c5 5. Nf3 b6 6. Bg2 Bb7 7. d5 Ne4 8. Qd3
Qf6 9. Bd2 Nxd2 10. Nxd2 Bxc3 11. bxc3 exd5 12. cxd5 d6 13. Ne4 Qe7 14. O-O O-O
15. f4 Nd7 16. Ng5 Nf6 17. e4 h6 18. Nh3 Qd7 19. Nf2 Ng4 20. Nd1 b5 21. h3 Nf6
22. Ne3 Rfe8 23. Nf5 g6 24. Nxh6+ Kg7 25. e5 dxe5 26. fxe5 Rxe5 27. Rxf6 Kxh6
28. Raf1 Rf8 29. Qd2+ Kg7 30. c4 Qe8 31. R1f2 bxc4 32. Qc3 Re1+ 33. Kh2 Qe5 34.
Qf3 Qe8 35. Qg4 c3 {time} 1-0

[Event "4NCL-9899B NID-IK2"]
[Site "Rd4-Birmingham"]
[Date "1998.11.22"]
[Round "4.2"]
[White "Cooper, Andrew G"]
[Black "Oates, David"]
[Result "1-0"]
[WhiteElo "2145"]
[BlackElo "2180"]
[PlyCount "89"]
[EventDate "1998.11.22"]

1. d4 d5 2. c4 Nc6 3. Nc3 dxc4 4. Nf3 Nf6 5. d5 Na5 6. Qa4+ c6 7. b4 b5 8. Qxa5
Qxa5 9. bxa5 b4 10. Na4 cxd5 11. a3 b3 12. Bb2 e6 13. Rd1 Ne4 14. Nd2 Nd6 15.
e4 Bd7 16. Nc5 Bc6 17. Na6 Rc8 18. Nb4 Ba8 19. Rc1 f6 20. e5 fxe5 21. Bxe5 Nb5
22. Nxb3 Nxa3 23. Na2 Bc6 24. Nd4 Kd7 25. Be2 Nb5 26. O-O Bc5 27. Nxb5 Bxb5 28.
Rb1 a6 29. Nc3 Kc6 30. Bh5 Rhf8 31. Bxg7 Rg8 32. Bh6 Rc7 33. Rfe1 Re7 34. h4 e5
35. Bg5 Re6 36. Bf7 Bxf2+ 37. Kh1 Bxe1 38. Bxg8 Bxc3 39. Bxe6 Bxa5 40. Bf5 h5
41. g4 hxg4 42. h5 Bc3 43. Bf6 Bd2 44. Bxe5 c3 45. Bxc3 1-0

[Event "4NCL-9899B NID-IK2"]
[Site "Rd4-Birmingham"]
[Date "1998.11.22"]
[Round "4.4"]
[White "Gurr, Lyndon"]
[Black "Bennett, Alan"]
[Result "1-0"]
[WhiteElo "2208"]
[BlackElo "2120"]
[PlyCount "91"]
[EventDate "1998.11.22"]

1. d4 d5 2. Nf3 e6 3. c4 Nf6 4. Bg5 Nbd7 5. e3 c6 6. cxd5 exd5 7. Bd3 Qa5+ 8.
Nbd2 Ne4 9. O-O Nxg5 10. Nxg5 Be7 11. Ngf3 O-O 12. Qc2 Nf6 13. Ne5 Be6 14. f4
Rac8 15. Rac1 Qc7 16. Nb3 Bd6 17. Nc5 Bxc5 18. dxc5 Rcd8 19. Rcd1 h6 {
(Draw offer)} 20. Kh1 Rfe8 21. Qa4 Qe7 22. Qd4 Ne4 23. b4 Qh4 24. Kg1 Bf5 25.
b5 cxb5 26. Bxb5 Rf8 27. c6 bxc6 28. Bxc6 Nf6 29. Qxa7 Be4 30. Qe7 Qh5 31. a4
Bc2 32. Rd2 Bb3 33. a5 Ne4 34. Rb2 Bc4 35. Nxc4 dxc4 36. Qxe4 Rd1 37. Qxc4 Rfd8
38. Bf3 Rxf1+ 39. Kxf1 Qxh2 40. Rb7 Qh1+ 41. Ke2 Kh8 42. a6 g5 43. Rxf7 Qd1+
44. Kf2 Qd2+ 45. Be2 gxf4 46. Qxf4 1-0

[Event "4NCL-9899B NID-IK2"]
[Site "Rd4-Birmingham"]
[Date "1998.11.22"]
[Round "4.5"]
[White "Johnston, Dafydd"]
[Black "Garner, David"]
[Result "1-0"]
[WhiteElo "2175"]
[BlackElo "2090"]
[PlyCount "67"]
[EventDate "1998.11.22"]

1. e4 e6 2. d4 d5 3. Nc3 Bb4 4. e5 c5 5. a3 Bxc3+ 6. bxc3 Ne7 7. Nf3 Bd7 8. a4
Qa5 9. Bd2 Qc7 10. Bd3 Nbc6 11. O-O Rc8 12. Re1 Na5 13. Ng5 h6 14. Qh5 g6 15.
Qh4 Qd8 16. f4 Nf5 17. Qh3 cxd4 18. cxd4 Nxd4 19. f5 gxf5 20. Nxf7 Kxf7 21.
Qh5+ Kf8 22. Bxh6+ Rxh6 23. Qxh6+ Kf7 24. Qh7+ Kf8 25. Re3 Qe7 26. Qh8+ Kf7 27.
Qh5+ Kf8 28. Rg3 Qf7 29. Qh8+ Ke7 30. Qh4+ Ke8 31. Qxd4 b6 32. Qh4 Nc6 33. Be2
Kf8 34. Qh6+ 1-0

[Event "4NCL-9899B NID-IK2"]
[Site "Rd4-Birmingham"]
[Date "1998.11.22"]
[Round "4.6"]
[White "Noakes, Matthew"]
[Black "Jones, Richard S"]
[Result "0-1"]
[WhiteElo "2016"]
[BlackElo "2095"]
[PlyCount "70"]
[EventDate "1998.11.22"]

1. d4 Nf6 2. c4 g6 3. Nc3 Bg7 4. e4 O-O 5. Be3 d6 6. f3 e5 7. d5 c6 8. Qd2 cxd5
9. cxd5 a6 10. O-O-O b5 11. Kb1 Nbd7 12. Rc1 Nb6 13. Nd1 Bd7 14. Nf2 a5 15. g4
b4 16. Bd3 Na4 17. Ne2 Rc8 18. Rxc8 Qxc8 19. Rc1 Qb7 20. b3 Nb6 21. Ng3 Rc8 22.
Rg1 Rc3 23. Nd1 Rc7 24. Nb2 Be8 25. Bh6 Qa7 26. Rg2 Bd7 27. Bxg7 Kxg7 28. h4 a4
29. g5 Nfxd5 30. exd5 axb3 31. axb3 Nxd5 32. Nc4 Nc3+ 33. Kc2 Qa2+ 34. Kc1 Qa1+
35. Kc2 Qb1# 0-1

[Event "4NCL-9899B NID-IK2"]
[Site "Rd4-Birmingham"]
[Date "1998.11.22"]
[Round "4.7"]
[White "Sinnett, Glyn"]
[Black "Stille, Alex"]
[Result "1/2-1/2"]
[WhiteElo "1865"]
[BlackElo "1872"]
[PlyCount "31"]
[EventDate "1998.11.22"]

1. d4 d5 2. c4 c6 3. cxd5 cxd5 4. Nc3 Nc6 5. Nf3 Nf6 6. h3 e6 7. Bf4 Bd6 8.
Bxd6 Qxd6 9. e3 O-O 10. Rc1 Bd7 11. Bd3 Rac8 12. O-O a6 13. a3 Rc7 14. b4 Rfc8
15. Qb3 b5 16. Ne2 1/2-1/2

[Event "4NCL-9899B NID-IK2"]
[Site "Rd4-Birmingham"]
[Date "1998.11.22"]
[Round "4.8"]
[White "Howell, Susan"]
[Black "Wilson, Julie"]
[Result "1/2-1/2"]
[WhiteElo "1784"]
[BlackElo "1685"]
[PlyCount "41"]
[EventDate "1998.11.22"]

1. d4 Nf6 2. c4 e6 3. Nc3 Bb4 4. Qc2 c5 5. e3 Nc6 6. Nf3 d5 7. Bd2 cxd4 8. exd4
dxc4 9. Bxc4 O-O 10. Be3 Bd7 11. O-O Rc8 12. Bd3 Bxc3 13. bxc3 Nb4 14. Qd2 Nxd3
15. Qxd3 Qc7 16. Bd2 Bc6 17. Ne5 Bd5 18. Rfc1 Ne4 19. f3 Nxd2 20. Qxd2 Rfd8 21.
Rab1 1/2-1/2

[Event "4NCL-9899B WR-GD"]
[Site "Rd4-Birmingham"]
[Date "1998.11.22"]
[Round "4.1"]
[White "Dunnington, Angus"]
[Black "Jones, Iolo"]
[Result "1-0"]
[WhiteElo "2365"]
[BlackElo "2255"]
[PlyCount "79"]
[EventDate "1998.11.22"]

1. Nf3 Nf6 2. g3 d5 3. Bg2 e6 4. O-O Be7 5. c4 O-O 6. b3 c5 7. Bb2 Nc6 8. e3 b6
9. Qe2 Bb7 10. Rd1 Rc8 11. Nc3 Qc7 12. cxd5 exd5 13. d4 Rfd8 14. Rac1 cxd4 15.
Nxd4 Nxd4 16. Rxd4 Qb8 17. Rcd1 Bc5 18. Rf4 Be7 19. Nb5 Ba6 20. a4 Qb7 21. Rf5
Qc6 22. Bxf6 Bxf6 23. Rfxd5 Rxd5 24. Bxd5 Bxb5 25. axb5 Qc7 26. e4 Qc3 27. Kg2
Rd8 28. e5 Be7 29. e6 f6 30. Bc4 Rd4 31. Rxd4 Qxd4 32. Qf3 Qd8 33. Qb7 g6 34.
h4 f5 35. Qxa7 Kg7 36. Qb7 Kf6 37. Qd7 Qb8 38. f4 Qd6 39. Qe8 Kg7 40. Qf7+ 1-0

[Event "4NCL-9899B WR-GD"]
[Site "Rd4-Birmingham"]
[Date "1998.11.22"]
[Round "4.2"]
[White "Varley, Peter"]
[Black "Dearing, Eddie"]
[Result "0-1"]
[WhiteElo "2290"]
[BlackElo "2295"]
[PlyCount "146"]
[EventDate "1998.11.22"]

1. d4 d5 2. c4 e6 3. cxd5 exd5 4. Nc3 c6 5. Qc2 Bd6 6. Nf3 Ne7 7. Bg5 f6 8. Bh4
Bf5 9. Qb3 Qb6 10. Qxb6 axb6 11. Bg3 Bxg3 12. hxg3 Na6 13. e3 h6 14. Kd2 O-O
15. Be2 Nc7 16. Rhc1 Ra7 17. Bd1 Rfa8 18. Bb3 Kf8 19. a3 Ne8 20. Ke2 Nd6 21.
Nd2 b5 22. Na2 Nec8 23. Nb4 Nb6 24. f3 Nbc4 25. Nxc4 bxc4 26. Bc2 Bxc2 27. Nxc2
Nb5 28. Kd2 Ra4 29. Rab1 Nc7 30. Nb4 Na6 31. Nxa6 R4xa6 32. Rc3 Rb6 33. Kc2 Ra5
34. b4 Ra8 35. Rh1 Rba6 36. Kb2 Re8 37. Ra1 f5 38. Rh1 Kf7 39. Rh5 Kg6 40. Rh4
Raa8 41. Kc2 Re6 42. Kd2 Kh7 43. Rf4 Rg6 44. Rxf5 Rxg3 45. e4 dxe4 46. fxe4
Rxa3 47. Rxa3 Rxa3 48. d5 Rd3+ 49. Kc2 cxd5 50. exd5 Kg6 51. Re5 Kf7 52. g4 b6
53. Rf5+ Ke7 54. b5 Rd4 55. g5 hxg5 56. Rxg5 Kf6 57. Rh5 g6 58. Rh8 Rxd5 59.
Kc3 Rxb5 60. Kxc4 Rf5 61. Rb8 b5+ 62. Kd4 Kg5 63. Rb6 b4 64. Ke3 Rf4 65. Ke2
Kf5 66. Ke3 g5 67. Rb8 Kg4 68. Rb5 b3 69. Ke2 Rf3 70. Ke1 Kf4 71. Rb8 g4 72.
Ke2 Kg3 73. Ke1 Kg2 0-1

[Event "4NCL-9899B WR-GD"]
[Site "Rd4-Birmingham"]
[Date "1998.11.22"]
[Round "4.3"]
[White "Potts, Alan"]
[Black "Borg, Andy"]
[Result "1-0"]
[WhiteElo "2270"]
[BlackElo "2150"]
[PlyCount "61"]
[EventDate "1998.11.22"]

1. e4 c5 2. Nf3 Nc6 3. Bb5 e6 4. O-O Nge7 5. b3 a6 6. Bxc6 Nxc6 7. Bb2 f6 8. d4
cxd4 9. Nxd4 Be7 10. Qh5+ g6 11. Qh6 Bf8 12. Qe3 Bg7 13. Nd2 e5 14. Ne2 b5 15.
a4 Rb8 16. axb5 axb5 17. c4 b4 18. c5 d5 19. exd5 Qxd5 20. Nc4 Bf8 21. Rfd1
Qxc5 22. Qf3 Bf5 23. Rac1 Qb5 24. g4 Bd7 25. Qxf6 Rg8 26. Rxd7 Kxd7 27. Nxe5+
Nxe5 28. Bxe5 Bc5 29. Qf7+ Kc6 30. Nd4+ Kb6 31. Qc7+ 1-0